<?xml version="1.0" encoding="UTF-8"?>
<record
    xmlns:xsi="http://www.w3.org/2001/XMLSchema-instance"
    xsi:schemaLocation="http://www.loc.gov/MARC21/slim http://www.loc.gov/standards/marcxml/schema/MARC21slim.xsd"
    xmlns="http://www.loc.gov/MARC21/slim">

  <leader>00556nam a22001817a 4500</leader>
  <controlfield tag="005">20150124120411.0</controlfield>
  <controlfield tag="008">101110t        nyu||||| |||| 00| 0 eng d</controlfield>
  <datafield tag="020" ind1=" " ind2=" ">
    <subfield code="a">0387406050</subfield>
  </datafield>
  <datafield tag="050" ind1="0" ind2="4">
    <subfield code="a">QA27.A67</subfield>
    <subfield code="b">B47 2003</subfield>
  </datafield>
  <datafield tag="100" ind1="1" ind2=" ">
    <subfield code="a">Berggren, J. L.</subfield>
  </datafield>
  <datafield tag="245" ind1="1" ind2="0">
    <subfield code="a">Episodes in the mathematics of medieval islam /</subfield>
    <subfield code="c">J. L. Berggren.</subfield>
  </datafield>
  <datafield tag="250" ind1=" " ind2=" ">
    <subfield code="a">1a ed.</subfield>
  </datafield>
  <datafield tag="260" ind1=" " ind2=" ">
    <subfield code="a">New York : </subfield>
    <subfield code="b">Springer,</subfield>
    <subfield code="c">2003</subfield>
  </datafield>
  <datafield tag="300" ind1=" " ind2=" ">
    <subfield code="a">xiv, 197 p. :</subfield>
    <subfield code="b">il. ;</subfield>
    <subfield code="c">24 cm.</subfield>
  </datafield>
  <datafield tag="504" ind1=" " ind2=" ">
    <subfield code="a">Incluye bibliograf&#xED;a e &#xED;ndice</subfield>
  </datafield>
  <datafield tag="650" ind1=" " ind2="7">
    <subfield code="2">Lemb</subfield>
    <subfield code="a">Matem&#xE1;ticas</subfield>
    <subfield code="x">Historia</subfield>
    <subfield code="z">Paises Arabes</subfield>
  </datafield>
  <datafield tag="942" ind1=" " ind2=" ">
    <subfield code="2">ddc</subfield>
    <subfield code="c">LIB</subfield>
  </datafield>
  <datafield tag="999" ind1=" " ind2=" ">
    <subfield code="c">3808</subfield>
    <subfield code="d">3808</subfield>
  </datafield>
  <datafield tag="952" ind1=" " ind2=" ">
    <subfield code="0">0 | 0</subfield>
    <subfield code="1">0</subfield>
    <subfield code="2">lcc</subfield>
    <subfield code="4">0</subfield>
    <subfield code="7">0</subfield>
    <subfield code="a">LIC-024</subfield>
    <subfield code="b">LIC-024</subfield>
    <subfield code="c">GENERAL</subfield>
    <subfield code="d">2010-11-10</subfield>
    <subfield code="h">FFM000003220</subfield>
    <subfield code="o">QA27 .A67 B47 2003 C:1</subfield>
    <subfield code="p">FFM000003220</subfield>
    <subfield code="r">2015-01-16 00:00:00</subfield>
    <subfield code="t">C:1</subfield>
    <subfield code="w">2015-01-16</subfield>
    <subfield code="y">LIB</subfield>
    <subfield code="z">Solo para lectura</subfield>
  </datafield>
</record>
